| 000 | 00410pab a2200157 454500 | ||
|---|---|---|---|
| 008 | 180718b2001 xxu||||| |||| 00| 0 eng d | ||
| 100 | _aBarro, Robert J. | ||
| 245 | _aInternational data on educational attainment: updates and implications | ||
| 260 | _c2001 | ||
| 300 | _ap.541-63 | ||
| 362 | _aJul | ||
| 650 | _aEducation | ||
| 700 | _aLee, Jong-Wha | ||
| 773 | _aOxford Economic Papers | ||
| 909 | _a49379 | ||
| 999 |
_c49379 _d49379 |
||